00429nam a22001577a 450000500170000001000130001702000260003003500130005603700090006908200080007810000190008624500570010526000390016227000490020130000210025020210903170717.0 aB-741382 a9788129118431c195.00 aB-741382 bGift a823 aSaikia, Ankush aSpotting veron and other stories /cby Ankush Saikia aNew DelhibRupa Publicationsc2011 a7/16 Ansari Road, Daryaganj, bDelhie110002 a181p.c20cm(pbk)